La civilización montés (Registro nro. 300413)

Detalles MARC
000 -ENCABEZADO
Número de control [NR] 01219cam a2200265 a 4500
005 - FECHA Y HORA DE LA ÚLTIMA TRANSACCIÓN
control field 20150806184456.0
008 - DE LONGITUD FIJA DE DATOS DE ELEMENTOS - INFORMACIÓN GENERAL
Elementos de longitud fija [NR] 150806s2009 ck ab fr 000 0 spa d
020 ## - NUMERO INTERNACIONAL NORMALIZADO PARA LIBROS [R]
Número Internacional Normalizado del libro [NR] 9789586954587
040 ## - FUENTE DE CATALOGACION [NR]
Agencia de catalogación original [NR] CO-BoUCM
Quien Cataloga Sandra Palacio
Idioma de catalogación [NR] spa
Quien Clasifica Sandra Palacio
041 0# - CODIGO DE IDIOMA [R]
Código de idioma para texto/pista de sonido o título separado [R] Español
100 1# - ASIENTO PRINCIPAL--NOMBRE PERSONAL [NR]
Nombre personal [NR] Espinosa Arango, Mónica Lucía
ID Autoridad 70706
245 13 - MENCION DE TITULO [NR]
Título [NR] La civilización montés
Parte restante del título [NR] la visión india y el trasegar de Manuel Quintín Lame en Colombia
Mención de responsabilidad, etc. [NR] Mónica L. Espinosa Arango
260 ## - PUBLICACION, DISTRIBUCION, ETC. (PIE DE IMPRENTA) [R]
Lugar de publicación, distribución, etc. [R] Bogotá (Colombia)
Nombre del editor, distribuidor, etc. [R] Universidad de los Andes
Fecha de publicación, distribución, etc. [R] 2009
300 ## - DESCRIPCION FISICA [R]
Extensión [R] xiii, 225 páginas
Otros detalles físicos [NR] ilustraciones, mapas
600 14 - ASIENTO SECUNDARIO DE MATERIA - NOMBRE PERSONAL [R]
Nombre personal [NR] Quintín Lame, Manuel
Fechas asociadas con el nombre [NR] 1880-1967
Subdivisión general [R] Pensamiento político y social
9 (RLIN) 70707
600 14 - ASIENTO SECUNDARIO DE MATERIA - NOMBRE PERSONAL [R]
Nombre personal [NR] Quintín Lame, Manuel
Fechas asociadas con el nombre [NR] 1880-1967
Subdivisión de forma [R] Biografías
9 (RLIN) 70708
650 #7 - ASIENTO SECUNDARIO DE MATERIA - TERMINO TEMATICO [R]
Término temático o nombre geográfico como elemento de entrada [NR] Indígenas de Colombia
9 (RLIN) 17332
650 #7 - ASIENTO SECUNDARIO DE MATERIA - TERMINO TEMATICO [R]
Término temático o nombre geográfico como elemento de entrada [NR] Indígenas
9 (RLIN) 17319
Subdivisión geográfica [R] Colombia
650 #7 - ASIENTO SECUNDARIO DE MATERIA - TERMINO TEMATICO [R]
Término temático o nombre geográfico como elemento de entrada [NR] Movimientos indígenas
Subdivisión general [R] Historia
Subdivisión geográfica [R] Colombia
9 (RLIN) 70710
650 #7 - ASIENTO SECUNDARIO DE MATERIA - TERMINO TEMATICO [R]
Término temático o nombre geográfico como elemento de entrada [NR] Guerra
Subdivisión geográfica [R] Colombia
9 (RLIN) 16638
690 ## - ASUNTO AGREGADO LOCAL DE ENTRADA - TÉRMINO TEMÁTICO (OCLC, RLIN)
9 (RLIN) 42845
Acceso temático local Historia de Colombia
710 1# - ASIENTO SECUNDARIO - NOMBRE CORPORATIVO [R]
Nombre corporativo o de jurisdicción como elemento de entrada [NR] Universidad de los Andes
Unidad subordinada [R] Facultad de Ciencias Sociales
-- Departamento de Antropología
-- Centro de estudios socioculturales
9 (RLIN) 43919
942 ## - ELEMENTOS DE ENTRADA AGREGADOS (KOHA)
Sistema de clasificación DEWEY
Tema principal Historia
Tipo de ítem principal el descrito en 300a Libro
Edición 1
Clasificación 923.31
Parte restante de la signatura top. E775
Existencias
Fecha de último préstamo Total préstamos Total Renewals Signatura topográfica Código de barras Última vez visto Ejemplar Costo de reposición Price effective from Tipo de ítem Perdido Sistema de clasificación Dañado No prestable Tipo de ítem específico Suprimido Ubicación habitual Ubicación actual Localización Fecha de creación Proveedor Forma de adquisición Costo
04/05/2019 3 6 923.31 E775 100146633 09/12/2025 Ej.1 26000.00 17/07/2015 Libro   DEWEY     Libro   Claustro Claustro 2do piso 17/07/2015 12 Donación 0.00